000 00422pab a2200157 454500
008 180718b2000 xxu||||| |||| 00| 0 eng d
100 _aTrask, Haunani-Kay
245 _aNative social capital: the case of Hawaiian sovereignty and Ka Lahui Hawaii
260 _c2000
300 _ap.375-85
362 _aDec
650 _aSovereignty - Hawaii
650 _aSocial capital
773 _aPolicy Sciences
909 _a48401
999 _c48401
_d48401